Zakladanie priemyselných parkov so zameraním na firmy vytvárajúce vyššiu pridanú hodnotu
Proces globalizácie a regionalizmus. Podpora investorov v ČR slúži najmä na zakladanie priemyselných parkov. Pri zakladaní priemyselných parkov treba vychádzať zo strategického plánu riadenia rozvoja regiónu. Aplikovanie znalostného manažmentu pri zakladaní priemyselných parkov.
Salvato in:
| Autore principale: | |
|---|---|
| Natura: | Capitolo di libro |
| Lingua: | slovacco |
| Soggetti: | |
| Tags: |
Nessun Tag, puoi essere il primo ad aggiungerne!!
|
MARC
| LEADER | 00000nla$a2200000$$$4500 | ||
|---|---|---|---|
| 001 | 0053948 | ||
| 005 | 20240502071626.2 | ||
| 041 | 0 | |a slo | |
| 044 | |a SK | ||
| 245 | 1 | 0 | |a Zakladanie priemyselných parkov so zameraním na firmy vytvárajúce vyššiu pridanú hodnotu |c Peter Jamnický |
| 520 | |a Proces globalizácie a regionalizmus. Podpora investorov v ČR slúži najmä na zakladanie priemyselných parkov. Pri zakladaní priemyselných parkov treba vychádzať zo strategického plánu riadenia rozvoja regiónu. Aplikovanie znalostného manažmentu pri zakladaní priemyselných parkov. | ||
| 610 | 2 | 0 | |a rozvoj regionálny |
| 610 | 2 | 0 | |a parky priemyselné |
| 610 | 2 | 0 | |a manažment |
| 610 | 2 | 0 | |a vedomosti |
| 610 | 2 | 0 | |a ekonomika nová |
| 610 | 2 | 0 | |a výhody konkurenčné |
| 100 | 1 | |a Jamnický, Peter | |